El filibusterismo

Salvato in:
Dettagli Bibliografici
Autori principali: Gall, Jacques (Autore), Gall, F (Autore)
Natura: Libro
Lingua:spagnolo
Pubblicazione: Ciudad de México Fondo de Cultura Económica 1957
Serie:Breviarios, 131
Soggetti:
Tags: Aggiungi Tag
Nessun Tag, puoi essere il primo ad aggiungerne!!

MARC

LEADER 00000nam a2200000 a 4500
001 UCU9564
003 CL-VaPUC
008 960823e19570000MX |||||||||||||||||spa|d
082 0 4 |a 910.45  |b GAL  |2 21 
100 |a Gall, Jacques  |e author  |9 570884 
700 0 |a Gall, F  |e author  |9 368780 
245 1 3 |a El filibusterismo 
300 |a 246 p 
942 |c BK 
945 |d 19960823 00:00:00  |a nastorga 
260 |a Ciudad de México  |b Fondo de Cultura Económica  |c 1957 
650 7 |a PIRATERIA  |2 CL-VaPUC  |9 368781 
650 7 |a FILIBUSTERISMO  |2 CL-VaPUC  |9 368782 
650 7 |a EXPEDICIONES CULTURALES  |2 CL-VaPUC  |9 368783 
650 7 |a EXPLORACIONES OCEANICAS  |2 CL-VaPUC  |9 368784 
650 7 |a EXPLORACION GEOGRAFICA  |2 CL-VaPUC  |9 357940 
650 0 |a Viajes  |9 257115 
583 |a last modification  |c 19960823 00:00:00  |k Rodrigo Vera 
490 0 |a Breviarios, 131 
999 |c 251279  |d 251277 
952 |0 0  |1 0  |4 0  |6 910_450000000000000_GAL_1957  |7 0  |8 P  |9 270332  |a BIBARQ  |b BIBARQ  |d 2019-11-19  |i 3222594  |o 910.45 GAL 1957  |p 3222594  |r 2019-11-19  |w 2019-11-19  |y BK  |k ARQ 
952 |0 0  |1 0  |4 0  |6 910_450000000000000_GAL_1957  |7 0  |8 A  |9 270333  |a BIBHIS  |b BIBHIS  |d 2019-11-19  |i 1365681  |o 910.45 GAL 1957  |p 1365681  |r 2025-01-20  |w 2019-11-19  |y BK  |k HIS